00783 2200265 4500001002100000005001700021008004100038035002400079082001000103090001700113100002000130245009800150250001000248260003100258300003100289500007800320500002500398650001100423700002300434850001500457980001300472985000600485986001100491999001500502YOGYA-0209000001046120090227022037.0 ind  0010-020900000010461 a320.1 a320.1bFra T aFRANKEL, Joseph aTeori kontemporer tentang tingkah laku negaracJoseph Frankel ; penerjemah, Nancy Simanjuntak aCet.1 aJakartabBina Aksarac1988 aviii, 169 hlmbilusc21 cm aJudul asli : Contemporary International Theory and The Behavior of States aTermasuk bibliografi aNegara aSIMANJUNTAK, Nancy aYOPDYOG(B) a15-07-05 a1 arthrev a93P0034992